Miasta Europy z metrem - Statystyki

Ogólne statystyki
  • Ten quiz został rozwiązany 823 razy
    376 od ostatniego zresetowania
  • Średni wynik to 39 z 53
Statystyki odpowiedzi
Lp Liczba stacji Długość (km) Państwo Odpowiedź % Poprawnych
5 57 59,4 Czechy Praga
99%
1 104 80,0 Austria Wiedeń
99%
3 33 40,8 Białoruś Mińsk
98%
11 303 214,0 Francja Paryż
98%
7 25 21,1 Finlandia Helsinki
97%
28 39 41,5 Polska Warszawa
97%
14 61 84,7 Grecja Ateny
96%
15 209 102,6 Hiszpania Barcelona
96%
2 59 39,9 Belgia Bruksela
96%
6 39 38,2 Dania Kopenhaga
96%
17 300 293,0 Hiszpania Madryt
96%
22 173 151,7 Niemcy Berlin
95%
4 34 39,0 Bułgaria Sofia
95%
46 45 34,0 Wielka Brytania Londyn (Docklands Light Railway)
94%
45 270 402,0 Wielka Brytania Londyn (London Underground)
94%
32 194 325,4 Rosja Moskwa
94%
20 33 42,5 Holandia Amsterdam
93%
42 52 67,6 Ukraina Kijów
93%
29 55 43,2 Portugalia Lizbona
93%
25 96 95,0 Niemcy Monachium
92%
27 97 86,0 Norwegia Oslo
92%
52 74 60,0 Włochy Rzym
91%
36 51 71,4 Rumunia Bukareszt
90%
38 100 105,7 Szwecja Sztokholm
89%
43 52 38,2 Węgry Budapeszt
88%
9 39 30,3 Francja Lyon
88%
10 28 21,5 Francja Marsylia
88%
34 67 113,2 Rosja Petersburg
88%
24 91 104,0 Niemcy Hamburg
86%
39 65 81,9 Turcja Stambuł
86%
50 113 100,0 Włochy Mediolan
85%
30 81 67,0 Portugalia Porto
82%
41 29 37,6 Ukraina Charków
79%
21 62 78,3 Holandia Rotterdam
79%
51 23 20,3 Włochy Neapol
77%
53 23 15,1 Włochy Turyn
73%
23 86 64,8 Niemcy Frankfurt nad Menem
70%
18 22 18,0 Hiszpania Sewilla
68%
16 40 43,3 Hiszpania Bilbao
58%
44 15 10,4 Wielka Brytania Glasgow
58%
8 60 45,0 Francja Lille
50%
13 37 28,5 Francja Tuluza
44%
31 10 15,8 Rosja Kazań
42%
40 6 7,1 Ukraina Dniepr
39%
49 8 7,0 Włochy Genua
33%
33 15 21,6 Rosja Niżny Nowogród
32%
26 49 38,2 Niemcy Norymberga
30%
37 14 5,9 Szwajcaria Lozanna
27%
35 9 10,3 Rosja Samara
21%
12 15 9,4 Francja Rennes
18%
47 60 74,5 Wielka Brytania Newcastle
16%
19 16 15,6 Hiszpania Palma
15%
48 17 13,7 Włochy Brescia
8%
Nie znaleziono quizów pasujących do podanych kryteriów
Rozkład punktacji
Procent ludzi z każdym wynikiem
Percentyl według liczby udzielonych odpowiedzi
Twoja historia wyników
Nie rozwiązałeś tego quizu od ostatniego zresetowania